00729nab a2200217 uc450000100070000000500170000700800410002403500110006503500210007604000130009704100080011010000380011824501090015665000210026565000170028665000160030365000220031965100200034170000470036177301030040858416420250312091612.0000315e19990905 eng  a584164 a(OCoLC)819823947 ccomduadb aeng10aMarinkelle, Cornelis J.4auteaut12aA key to the microfilariae of the genus litomosoides (Phylum nematoda) endoparasites from Colombian bats aClave taxonomica aLitomosoides aNemátodos 7aParásitos2lemb 7aColombia2embne10aGarcia Castañeda, Martha Rocio4auteaut0 tCaldasia (Bogotá)gVolumen 21, Número 02, Septiembre 1999, p. 167-173w99364x0366-5232090951